[Event "Wch U20 Girls 39th"]
[Site "Mexico City"]
[Date "2023.09.22"]
[Round "3"]
[White "Ciolacu, Alessia Mihaela"]
[Black "Walterova, Ema"]
[Result "1/2-1/2"]
[WhiteElo "2199"]
[BlackElo "2063"]
[PlyCount "126"]
[EventDate "2023.09.21"]
[EventType "swiss"]
[EventRounds "11"]
[EventCountry "MEX"]
[SourceTitle "EXT 2024"]
[Source "ChessBase"]
[SourceDate "2023.10.10"]
[SourceVersion "1"]
[SourceVersionDate "2023.10.10"]
[SourceQuality "1"]

1. Nf3 Nf6 2. c4 e6 3. g3 d5 4. Bg2 Be7 5. 0-0 0-0 6. d4 dxc4 7. Qc2 b6 8. Qxc4 Bb7 9. Nc3 Nbd7 10. Rd1 Qc8 11. Ne5 Bxg2 12. Kxg2 c5 13. Nxd7 Qxd7 14. e4 cxd4 15. Rxd4 Qb7 16. Bf4 Rac8 17. Qe2 Bc5 18. Rd3 Bb4 19. Bd6 Bxd6 20. Rxd6 b5 21. f3 b4 22. Nd1 Rfd8 23. Rd3 Qc7 24. Nf2 Rxd3 25. Qxd3 Rd8 26. Qb5 a5 27. a3 Rb8 28. Qe2 h6 29. Qe3 bxa3 30. bxa3 Rb2 31. Rc1 Qb7 32. Qc5 Nd7 33. Qc8+ Qxc8 34. Rxc8+ Kh7 35. Rc3 a4 36. Kf1 Ne5 37. f4 Rb3 38. Nd1 Rb1 39. Ke2 Nd7 40. Rc7 Nb6 41. Rxf7 Ra1 42. Rb7 Ra2+ 43. Kd3 Rxa3+ 44. Kc2 Ra2+ 45. Nb2 Nc8 46. Kb1 Ra3 47. Rb4 Nd6 48. e5 Nf5 49. Nxa4 g5 50. Nc5 gxf4 51. Rxf4 Ra5 52. Nd3 Rd5 53. Kc2 Nd4+ 54. Kd2 Nf5 55. g4 Nd4 56. h4 Kg7 57. h5 Nc6 58. Re4 Ra5 59. Nf4 Rxe5 60. Nxe6+ Kf6 61. g5+ Kxe6 62. Rxe5+ Nxe5 63. gxh6 Kf6 1/2-1/2

[Event "Bucharest Queens"]
[Site "Bucharest"]
[Date "2023.08.27"]
[Round "8"]
[White "Ciolacu, Alessia Mihaela"]
[Black "Toncheva, Nadya"]
[Result "1/2-1/2"]
[WhiteElo "2172"]
[BlackElo "2253"]
[PlyCount "95"]
[EventDate "2023.08.22"]
[EventType "tourn"]
[EventRounds "9"]
[EventCountry "ROU"]
[SourceTitle "CBM 215 Extra"]
[Source "ChessBase"]
[SourceDate "2023.09.30"]
[SourceVersion "1"]
[SourceVersionDate "2023.09.30"]
[SourceQuality "1"]

1. d4 d5 2. Nf3 Nf6 3. Bf4 c5 4. e3 Nc6 5. Nbd2 e6 6. c3 Nh5 7. Bg5 f6 8. Bh4 g6 9. Bd3 cxd4 10. cxd4 Bd6 11. g4 Ng7 12. e4 dxe4 13. Nxe4 Bb4+ 14. Nc3 0-0 15. Bc4 b5 16. Bxb5 Qd5 17. Be2 Qe4 18. Rg1 Bb7 19. a3 Bxc3+ 20. bxc3 Rac8 21. Qb1 Qxb1+ 22. Rxb1 Na5 23. Rb5 Rxc3 24. Rxa5 Bxf3 25. Kd2 Rfc8 26. Bxf3 Rxf3 27. Rxa7 g5 28. Bg3 h5 29. gxh5 Nf5 30. Rc1 Rxc1 31. Kxc1 Nxd4 32. a4 e5 33. Kb2 Rb3+ 34. Ka2 Rd3 35. Kb2 Rb3+ 36. Kc1 Ra3 37. Ra6 Kf7 38. h6 Rc3+ 39. Kd2 Rc8 40. Kd3 Ne6 41. Ra7+ Kg6 42. Ke4 Rd8 43. h7 Nc5+ 44. Ke3 Rh8 45. a5 Rxh7 46. Rxh7 Kxh7 47. f3 Kg6 48. h3 1/2-1/2

[Event "Brasov GP RO"]
[Site "Brasov"]
[Date "2023.07.17"]
[Round "3"]
[White "Schitco, Ivan"]
[Black "Ciolacu, Alessia Mihaela"]
[Result "1-0"]
[WhiteElo "2507"]
[BlackElo "2216"]
[PlyCount "53"]
[EventDate "2023.07.16"]
[EventType "swiss"]
[EventRounds "9"]
[EventCountry "ROU"]
[SourceTitle "CBM 215 Extra"]
[Source "ChessBase"]
[SourceDate "2023.09.30"]
[SourceVersion "1"]
[SourceVersionDate "2023.09.30"]
[SourceQuality "1"]

1. c4 e6 2. Nc3 d5 3. e3 Nf6 4. Nf3 Bd6 5. b3 Nbd7 6. Bb2 a6 7. Be2 0-0 8. Qc2 Re8 9. g4 dxc4 10. g5 Nd5 11. Ne4 cxb3 12. axb3 e5 13. h4 Nf8 14. h5 Nb4 15. Qb1 Bg4 16. h6 Bf5 17. hxg7 Kxg7 18. Nh4 Bg6 19. Nxg6 fxg6 20. f4 Nd7 21. f5 gxf5 22. Nf6 Nxf6 23. Qxf5 Nbd5 24. Ra4 b5 25. gxf6+ Nxf6 26. Rg4+ Kh8 27. Rg6 1-0

[Event "Titled Tuesday intern op 09th May Early"]
[Site "Chess.com INT"]
[Date "2023.05.09"]
[Round "5"]
[White "Ciolacu, Alessia Mihaela"]
[Black "Hoffmann, Asa"]
[Result "0-1"]
[WhiteElo "2216"]
[BlackElo "2185"]
[PlyCount "116"]
[EventDate "2023.05.09"]
[EventType "swiss (blitz)"]
[EventRounds "11"]
[EventCountry "USA"]
[SourceTitle "CBM 214 Extra"]
[Source "ChessBase"]
[SourceDate "2023.07.31"]
[SourceVersion "1"]
[SourceVersionDate "2023.07.31"]
[SourceQuality "1"]

1. c4 Nf6 2. d4 c5 3. d5 e5 4. Nc3 d6 5. Qc2 Be7 6. g3 0-0 7. Bg2 Ne8 8. e4 f5 9. Nge2 Bg5 10. f4 exf4 11. Nxf4 Qf6 12. 0-0 Na6 13. Kh1 Bd7 14. a3 Nac7 15. Nh5 Qh6 16. Bxg5 Qxg5 17. Nf4 Nf6 18. Nh3 Qh5 19. Nf4 Qh6 20. exf5 Ng4 21. Be4 Ne3 22. Qd3 Nxf1 23. Rxf1 Rae8 24. Ne6 Nxe6 25. dxe6 Bc6 26. Nd5 Bxd5 27. Qxd5 Qe3 28. Kg2 Re7 29. Bb1 Qe5 30. Qxe5 dxe5 31. Be4 Rd8 32. Bd5 b5 33. b3 bxc4 34. bxc4 Rb8 35. Re1 Rb3 36. a4 Rb4 37. Bc6 Rc7 38. Rd1 Kf8 39. Bb5 Ke7 40. Rd5 a6 41. Bxa6 Rxa4 42. Bb5 Ra2+ 43. Kh3 Re2 44. Bd7 e4 45. g4 h6 46. Kg3 e3 47. Kf3 Re1 48. Bb5 Ra7 49. h4 Ra3 50. g5 e2+ 51. Kf2 Rh1 52. Rd7+ Kf8 53. Kxe2 Rh2+ 54. Ke1 Ra1+ 55. Rd1 Rh1+ 56. Ke2 Raxd1 57. f6 Rde1+ 58. Kd2 Rxe6 0-1